000
00180 a2200097 4500
020
_a
9780451459626
041
_a
eng
100
_a
Berg, Carol
245
_a
Son Of Avonar
942
_c
BK
999
_c
7660
_d
7660